000 01429nam a2200301 i 4500
001 68404
003 ES-MaACL
005 20250526191913.0
007 t|
008 040628s1898 sp |||| | spa d
040 _cES-MaACL
100 1 _aMartín Arrúe, Francisco.
_977397
_eaut
245 1 3 _aLa guerra de África de 1859 a 1860 /
_clecciones que explicó en el Curso de Estudios Superiores del Ateneo de Madrid el coronel de Infantería Francisco Martín Arrúe ; extractadas por Antonio García Pérez.
260 _aMadrid :
_b[s.n.],
_c1898 (
_fImp. del Cuerpo de Artillería)
300 _a140 p. ;
_c23 cm.
490 1 _aPublicaciones de los "Estudios Militares"
530 _aDisponible en formato digital.
610 2 4 _aAteneo de Madrid.
_bEscuela de Estudios Superiores (1896-1907)-
_vCursos y conferencias.
_91959
650 0 4 _aGuerra hispano-marroquí, 1859-1860.
_913209
700 1 _aGarcía Pérez, Antonio,
_d1874-1950
_955441
710 2 _aAteneo de Madrid.
_91875
830 1 _aPublicaciones de los "Estudios Militares"
_9183233
852 _aES-MaACL
_jT-848-F-8
_z- Enc. en un vol. facticio conservando la enc. original
_z. - Dedicatoria autógrafa del autor
856 _uhttp://bibliotecavirtualdefensa.es/BVMDefensa/i18n/consulta/registro.cmd?id=4580
_zBiblioteca Virtual de Defensa
942 _cMONOGRAFIA
_n0
999 _c68404
_d68404